Alle Pflanzen Pokemon 1. Generation - Statistiken

Allgemein
  • Dieses Quiz wurde 64 mal gespielt
  • Das Durchschnittsergebnis liegt bei 12 aus 14
Antwortstatistiken
Antwort % Korrekt
Bisaflor
100%
Bisaknosp
100%
Bisasam
100%
Myrapla
96%
Duflor
95%
Giflor
95%
Knofensa
93%
Sarzenia
93%
Ultrigaria
93%
Kokowei
82%
Owei
82%
Tangela
82%
Paras
68%
Parasek
68%
Keine übereinstimmenden Quizze gefunden
Verteilung der Resultate
Anzahl Personen mit jedem Resultat
Perzentil nach korrekt beantworteten Fragen
Ihre Resultats-Entwicklung
Sie haben dieses Quiz noch nicht gespielt